000 00293nam a22000977a 4500
008 160603b xxu||||| |||| 00| 0 eng d
100 _aDusterbehn, H.
245 _aKatalog der deutschen Eisenbahnmarken
260 _aOldenburg i. Gr., Germany
_bH. Dusterbehn
_c1950
650 _aGermany | Railway Mail
999 _c2036
_d2036